[Event "14. Lichtenberger Sommer"]
[Site "14. Lichtenberger Sommer"]
[Date "2015.08.22"]
[Round "8.51"]
[White "Grassi, Fabrizio"]
[Black "Hahlbohm, Matthias"]
[Result "0-1"]
[WhiteElo "1870"]
[BlackElo "2069"]
[PlyCount "116"]
[EventDate "2015.??.??"]
[WhiteTeam "SV Berlin-Friedrichstadt"]
[BlackTeam "TSG Oberschöneweide"]

1. d4 d5 2. Bf4 Nf6 3. e3 e6 4. Nd2 Bd6 5. Bg3 O-O 6. Bd3 c5 7. c3 Nc6 8. Ngf3
Re8 9. Ne5 g6 10. f4 Be7 11. Bf2 Nd7 12. a3 f5 13. Nxd7 Bxd7 14. Nf3 Kg7 15.
Ne5 Nxe5 16. fxe5 h5 17. h4 b5 18. Qe2 Rb8 19. g3 a5 20. Kf1 Qb6 21. Kg2 Rb7
22. Rhd1 Ra8 23. Kg1 Rba7 24. Kg2 Bc6 25. Kh2 b4 26. axb4 axb4 27. Rxa7 Rxa7
28. c4 Ra2 29. Rd2 b3 30. cxd5 exd5 31. dxc5 Qb8 32. Bxf5 gxf5 33. e4 fxe4 34.
Qxh5 Qe8 35. Qg4+ Qg6 36. Qc8 Ra8 37. Qc7 Qe6 38. Bd4 Rf8 39. Rf2 Rf3 40. Kg2
Rxf2+ 41. Kxf2 Kf8 42. Qb8+ Be8 43. Qxb3 Bh5 44. Qe3 Ke8 45. Qc3 Qh3 46. Qe3
Bf3 47. Ke1 Qxg3+ 48. Qf2 Qg4 49. Kd2 Bxh4 50. Qf1 Qg2+ 51. Qxg2 Bxg2 52. c6
Bf1 53. Bb6 Bg3 54. c7 Ba6 55. b4 Bxe5 56. b5 Bb7 57. Ke3 Kd7 58. Ba5 d4+ 0-1

[Event "14. Lichtenberger Sommer"]
[Site "14. Lichtenberger Sommer"]
[Date "2015.08.22"]
[Round "8.52"]
[White "Albrecht, Rainer"]
[Black "Mauch, Johannes"]
[Result "1/2-1/2"]
[WhiteElo "2072"]
[BlackElo "1795"]
[PlyCount "67"]
[EventDate "2015.??.??"]
[WhiteTeam "SC Kreuzberg"]
[BlackTeam "fb Jena"]

1. d4 Nf6 2. c4 c5 3. d5 e6 4. Nc3 exd5 5. cxd5 d6 6. Nf3 g6 7. Bg5 Bg7 8. e3
h6 9. Bh4 O-O 10. Nd2 Re8 11. Be2 Na6 12. O-O Nc7 13. e4 a6 14. a4 b6 15. f3
Rb8 16. Rb1 b5 17. b4 g5 18. Bf2 cxb4 19. Rxb4 Ng4 20. fxg4 Bxc3 21. Rb3 Bxd2
22. Qxd2 Rxe4 23. Bd4 Nxd5 24. Bf3 Rxd4 25. Qxd4 Qb6 26. Qxb6 Nxb6 27. axb5 Be6
28. Rb4 Nd5 29. Bxd5 Bxd5 30. Rd1 Be6 31. b6 a5 32. Rbb1 a4 33. Rxd6 a3 34. Ra1
1/2-1/2

[Event "14. Lichtenberger Sommer"]
[Site "14. Lichtenberger Sommer"]
[Date "2015.08.22"]
[Round "8.53"]
[White "Hörmann, David"]
[Black "Seefeld, Marc"]
[Result "0-1"]
[WhiteElo "2055"]
[BlackElo "1894"]
[PlyCount "120"]
[EventDate "2015.??.??"]
[WhiteTeam "SC Weisse Dame (Berlin)"]
[BlackTeam "Läufer Reinickendorf"]

1. e4 c5 2. Nf3 d6 3. d4 cxd4 4. Nxd4 Nf6 5. Nc3 a6 6. Bg5 e5 7. Nf5 Bxf5 8.
exf5 Be7 9. Qf3 Nc6 10. O-O-O Rc8 11. Be3 Qa5 12. Kb1 b5 13. g4 Nb4 14. a3 Nc6
15. g5 Nd7 16. Nd5 b4 17. Nxb4 Nxb4 18. Bd2 Qd5 19. Qxd5 Nxd5 20. Bxa6 Rb8 21.
c4 Nc7 22. Bb5 Nxb5 23. cxb5 Rxb5 24. Bb4 Nb6 25. Bxd6 Bxd6 26. Rxd6 Rxb2+ 27.
Ka1 Nc8 28. Rd5 Rb7 29. f6 gxf6 30. gxf6 Rb6 31. Rhd1 O-O 32. Rd8 Rxf6 33.
Rxf8+ Kxf8 34. Rd8+ Ke7 35. Rxc8 Rxf2 36. Rc3 Rxh2 37. a4 Rh4 38. Ra3 Rb4 39.
a5 Rb7 40. a6 Ra7 41. Kb2 Kd6 42. Kc3 Kc6 43. Ra5 f6 44. Kd3 Kb6 45. Rd5 Rxa6
46. Rd7 h5 47. Rh7 Kc5 48. Rxh5 Kd5 49. Rh8 Ra3+ 50. Ke2 f5 51. Rb8 Rc3 52. Kd2
Rc4 53. Ke3 f4+ 54. Kf3 Rc3+ 55. Kg4 Rg3+ 56. Kf5 Re3 57. Rd8+ Kc4 58. Rd1 f3
59. Kg4 e4 60. Kg3 Re2 0-1

[Event "14. Lichtenberger Sommer"]
[Site "14. Lichtenberger Sommer"]
[Date "2015.08.22"]
[Round "8.54"]
[White "Lischeid, Kilian"]
[Black "Jaeger, Andre"]
[Result "0-1"]
[WhiteElo "1652"]
[BlackElo "1942"]
[PlyCount "104"]
[EventDate "2015.??.??"]
[WhiteTeam "Schachunion Berlin"]
[BlackTeam "SC Rochade (Berlin)"]

1. d4 Nf6 2. c4 d6 3. Nc3 Nbd7 4. Nf3 g6 5. e4 Bg7 6. h3 O-O 7. Qc2 e5 8. d5 a5
9. Be3 Nh5 10. Bd3 Nf4 11. O-O h6 12. Qd2 Nxd3 13. Qxd3 f5 14. Na4 f4 15. Bd2
g5 16. Nh2 Qe8 17. Qe2 Nf6 18. Nc3 h5 19. Nb5 Qd7 20. f3 c6 21. Nc3 Qf7 22. Na4
Ra6 23. dxc6 bxc6 24. Kh1 Qg6 25. c5 Ra7 26. Rfe1 d5 27. exd5 Nxd5 28. Nc3 Bf5
29. Ne4 Rb8 30. Rab1 Nb4 31. Bxb4 Rxb4 32. Red1 Rd4 33. Nf1 Rad7 34. Nd6 Bd3
35. Qf2 Bf6 36. Nd2 g4 37. N2e4 Bxe4 38. fxe4 Rxd1+ 39. Rxd1 Be7 40. hxg4 hxg4
41. Kg1 Bxd6 42. cxd6 Rxd6 43. Rxd6 Qxd6 44. Qe2 Qd7 45. Kf1 Kg7 46. Ke1 Kf6
47. a3 Kg5 48. Kf1 Qd4 49. Qc2 c5 50. Qe2 c4 51. Qc2 g3 52. Qe2 a4 0-1

[Event "14. Lichtenberger Sommer"]
[Site "14. Lichtenberger Sommer"]
[Date "2015.08.22"]
[Round "8.55"]
[White "Neubart, Thomas"]
[Black "Rollwitz, Jürgen"]
[Result "1/2-1/2"]
[WhiteElo "2042"]
[BlackElo "1950"]
[PlyCount "35"]
[EventDate "2015.??.??"]
[WhiteTeam "Berliner SchGes Eckbauer"]
[BlackTeam "SC Rochade (Berlin)"]

1. Nf3 d6 2. d4 Nd7 3. Bf4 c6 4. c3 Qc7 5. Qc2 Ngf6 6. h3 g6 7. Nbd2 Bg7 8. e3
O-O 9. Be2 Re8 10. O-O Nf8 11. Bh2 Bd7 12. Rfe1 Rad8 13. e4 Be6 14. e5 N6d7 15.
exd6 exd6 16. c4 b6 17. c5 bxc5 18. dxc5 1/2-1/2

[Event "14. Lichtenberger Sommer"]
[Site "14. Lichtenberger Sommer"]
[Date "2015.08.22"]
[Round "8.56"]
[White "Kretzschmar, Jan"]
[Black "Scheide, Helmut"]
[Result "1-0"]
[WhiteElo "1830"]
[BlackElo "1959"]
[PlyCount "59"]
[EventDate "2015.??.??"]
[WhiteTeam "SC Kreuzberg"]
[BlackTeam "USV Potsdam"]

1. d4 Nf6 2. Bg5 c6 3. Nd2 d5 4. e3 Qb6 5. Bd3 Qxb2 6. Ne2 Qb6 7. O-O Nbd7 8.
c4 g6 9. Qc2 Bg7 10. f4 Ng4 11. Rf3 f5 12. h3 Ngf6 13. Rb1 Qd8 14. Nc3 h6 15.
Bh4 Ne4 16. Ndxe4 dxe4 17. Nxe4 fxe4 18. Bxe4 Nf6 19. Bxg6+ Kf8 20. Rd1 Be6 21.
e4 Qb6 22. e5 Nd7 23. Kh1 Rc8 24. f5 Bg8 25. f6 exf6 26. exf6 c5 27. fxg7+ Kxg7
28. Re1 Be6 29. d5 Rcf8 30. Rxe6 1-0

[Event "14. Lichtenberger Sommer"]
[Site "14. Lichtenberger Sommer"]
[Date "2015.08.22"]
[Round "8.57"]
[White "Junge, Wolfgang"]
[Black "Silies, Martin"]
[Result "1/2-1/2"]
[WhiteElo "1896"]
[BlackElo "1880"]
[PlyCount "41"]
[EventDate "2015.??.??"]
[WhiteTeam "SC Friesen Lichtenberg"]
[BlackTeam "SF St.Johannes Spelle"]

1. d4 d5 2. c4 e6 3. Nc3 Nf6 4. Bg5 Nbd7 5. e3 c6 6. Nf3 Bb4 7. Bd3 dxc4 8.
Bxf6 Nxf6 9. Bxc4 O-O 10. O-O b6 11. Rc1 Bb7 12. a3 Bxc3 13. Rxc3 c5 14. dxc5
Qxd1 15. Rxd1 Rfd8 16. Rcd3 Rxd3 17. Rxd3 Bxf3 18. gxf3 bxc5 19. Rc3 Kf8 20. a4
Ke7 21. Kf1 1/2-1/2

[Event "14. Lichtenberger Sommer"]
[Site "14. Lichtenberger Sommer"]
[Date "2015.08.22"]
[Round "8.58"]
[White "Wolff, Marie Antoinette"]
[Black "Baier, Reinhard"]
[Result "0-1"]
[WhiteElo "1643"]
[BlackElo "1976"]
[PlyCount "102"]
[EventDate "2015.??.??"]
[WhiteTeam "Leegebrucher SF"]
[BlackTeam "Berliner SchGes Eckbauer"]

1. c4 c5 2. Nc3 Nc6 3. Nf3 Nf6 4. g3 g6 5. Bg2 Bg7 6. O-O O-O 7. a3 e6 8. b4
cxb4 9. axb4 d5 10. b5 Ne7 11. c5 Ne4 12. Bb2 Nxc5 13. Qc2 b6 14. d4 Nb7 15. e4
Nd6 16. exd5 exd5 17. Ne5 Bxe5 18. dxe5 Nc4 19. Nxd5 Nxb2 20. Nxe7+ Qxe7 21.
Bxa8 Be6 22. Bg2 Nc4 23. Rfe1 Rc8 24. Qe4 Kg7 25. Qb7 Rc7 26. Qf3 Rc5 27. Qf4
Rxb5 28. Bf1 Rc5 29. Rac1 b5 30. Re4 a5 31. g4 h6 32. h3 a4 33. Ree1 Rc7 34.
Red1 Ra7 35. Rb1 Na3 36. Rxb5 Nxb5 37. Bxb5 a3 38. Ra1 a2 39. Bc4 Bxc4 40. Qxc4
Qa3 41. Qd4 Ra4 42. Qd8 Qb3 43. Kg2 Ra3 44. Qf6+ Kg8 45. Qd8+ Kh7 46. Qf8 Qxh3+
47. Kg1 Qxg4+ 48. Kf1 Qc4+ 49. Kg1 Rb3 50. Kg2 Qd5+ 51. Kh2 Qxe5+ 0-1

[Event "14. Lichtenberger Sommer"]
[Site "14. Lichtenberger Sommer"]
[Date "2015.08.22"]
[Round "8.59"]
[White "Schubert, Joachim"]
[Black "Boeck, Rüdiger"]
[Result "1-0"]
[WhiteElo "1845"]
[BlackElo "1815"]
[PlyCount "95"]
[EventDate "2015.??.??"]
[WhiteTeam "SC Friesen Lichtenberg"]
[BlackTeam "SC Weiße Dame Ulm"]

1. e4 e5 2. Nf3 Nc6 3. Bb5 a6 4. Ba4 Nf6 5. O-O b5 6. Bb3 d6 7. h3 Na5 8. Nc3
Nxb3 9. axb3 Bb7 10. d3 h6 11. Nh2 Be7 12. f4 O-O 13. fxe5 dxe5 14. Be3 c5 15.
Rf5 Bd6 16. Qf3 Bc8 17. Rxf6 Qxf6 18. Qxf6 gxf6 19. Nxb5 Be7 20. Bxh6 Rd8 21.
Nc7 Ra7 22. Nd5 Kh7 23. Be3 Rg8 24. g4 f5 25. exf5 Bxf5 26. Nxe7 Rxe7 27. Rxa6
Be6 28. Bxc5 Rc7 29. b4 Bc8 30. Rf6 Be6 31. Kf1 Ra8 32. Rf2 Ra1+ 33. Kg2 Bd5+
34. Nf3 f5 35. Bd6 Rg7 36. Bxe5 Rg6 37. Kg3 fxg4 38. hxg4 Ra4 39. c3 Be6 40. g5
Bd5 41. Kf4 Ra1 42. Nh4 Rg8 43. g6+ Kh6 44. Nf5+ Kh5 45. Rh2+ Kxg6 46. Ne7+ Kf7
47. Nxg8 Kxg8 48. c4 1-0

[Event "14. Lichtenberger Sommer"]
[Site "14. Lichtenberger Sommer"]
[Date "2015.08.22"]
[Round "8.60"]
[White "Olaizola, Miguel"]
[Black "Heldt, Ronny"]
[Result "0-1"]
[WhiteElo "1804"]
[BlackElo "1922"]
[PlyCount "118"]
[EventDate "2015.??.??"]
[WhiteTeam "SK Zehlendorf"]
[BlackTeam "SC Kreuzberg"]

1. e4 d6 2. d4 g6 3. Nf3 Bg7 4. Bc4 Nf6 5. Nc3 O-O 6. h3 c5 7. dxc5 dxc5 8. O-O
Nc6 9. Bf4 a6 10. Qxd8 Nxd8 11. e5 Nh5 12. Bg5 Be6 13. Bxe6 Nxe6 14. Bxe7 Rfe8
15. Nd5 Nhf4 16. Nb6 Rab8 17. Bd6 Rbd8 18. c3 Nd3 19. Rad1 Nef4 20. Bc7 Rc8 21.
Nxc8 Rxc8 22. g3 Nxh3+ 23. Kg2 Nhxf2 24. Rxf2 Nxf2 25. Kxf2 Rxc7 26. Rd8+ Bf8
27. Ng5 Kg7 28. Ne4 Be7 29. Rd5 b5 30. Nd6 Bxd6 31. Rxd6 Re7 32. Rd5 c4 33. b3
Rc7 34. b4 Rc6 35. Ke3 Kf8 36. a4 bxa4 37. Ra5 Ke7 38. Rxa4 Ke6 39. Ra5 Kf5 40.
Kd4 h5 41. Kd5 Re6 42. Kxc4 Ke4 43. Rd5 Rxe5 44. Rd6 Re6 45. Rxe6+ fxe6 46. b5
axb5+ 47. Kxb5 Kf3 48. c4 e5 49. c5 e4 50. c6 e3 51. c7 e2 52. c8=Q e1=Q 53.
Qc6+ Qe4 54. Qc3+ Kg4 55. Qc7 Qd3+ 56. Kb6 Qxg3 57. Qc4+ Kh3 58. Qe6+ Kh2 59.
Qe2+ Qg2 0-1

[Event "14. Lichtenberger Sommer"]
[Site "14. Lichtenberger Sommer"]
[Date "2015.08.22"]
[Round "8.61"]
[White "Kornath, Heinrich"]
[Black "Geldner, Gerrit"]
[Result "1/2-1/2"]
[WhiteElo "1829"]
[BlackElo "1777"]
[PlyCount "87"]
[EventDate "2015.??.??"]
[WhiteTeam "SG Eckturm (Berlin)"]
[BlackTeam "Schachunion Berlin"]

1. e4 c5 2. Ne2 Nc6 3. d4 cxd4 4. Nxd4 g6 5. Nc3 Bg7 6. Be3 Nf6 7. Nxc6 bxc6 8.
Bc4 d6 9. h3 O-O 10. O-O Qa5 11. Bb3 Bb7 12. Qd2 Rfd8 13. Rad1 d5 14. exd5 cxd5
15. Nxd5 Qxd2 16. Nxe7+ Kf8 17. Rxd2 Rxd2 18. Bxd2 Kxe7 19. Bb4+ Kd7 20. Bxf7
Bd5 21. Re1 Bf8 22. Bxd5 Nxd5 23. Bxf8 Rxf8 24. c4 Nb6 25. b3 Re8 26. Rd1+ Kc6
27. Kf1 a5 28. h4 Kc5 29. Rd3 a4 30. g3 axb3 31. axb3 Re7 32. g4 Nd7 33. Rd5+
Kc6 34. h5 Re5 35. hxg6 hxg6 36. Rd2 Nf6 37. Re2 Nxg4 38. Rxe5 Nxe5 39. Ke2 Kc5
40. Ke3 Kb4 41. Kf4 Nf7 42. Kg4 Kxb3 43. c5 Kc4 44. c6 1/2-1/2

[Event "14. Lichtenberger Sommer"]
[Site "14. Lichtenberger Sommer"]
[Date "2015.08.22"]
[Round "8.62"]
[White "Bonke, Hans-Jürgen"]
[Black "Dittrich, Tom"]
[Result "1/2-1/2"]
[WhiteElo "1962"]
[BlackElo "1813"]
[PlyCount "22"]
[EventDate "2015.??.??"]
[WhiteTeam "SC Kreuzberg"]
[BlackTeam "SG Stadtilm"]

1. d4 Nf6 2. Nf3 g6 3. Bf4 Bg7 4. e3 O-O 5. Be2 d6 6. O-O c5 7. c3 Nc6 8. h3
Qb6 9. Qb3 Be6 10. Qc2 Bf5 11. Qb3 Be6 1/2-1/2

[Event "14. Lichtenberger Sommer"]
[Site "14. Lichtenberger Sommer"]
[Date "2015.08.22"]
[Round "8.63"]
[White "Matitschka, Johannes"]
[Black "Baranowsky, Peter"]
[Result "1-0"]
[WhiteElo "1542"]
[BlackElo "1972"]
[PlyCount "139"]
[EventDate "2015.??.??"]
[WhiteTeam "TSG Oberschöneweide"]
[BlackTeam "SF 1903 Berlin"]

1. e4 c5 2. Nf3 Nc6 3. g3 d6 4. Bg2 g6 5. Nc3 Bg7 6. O-O Nf6 7. d3 O-O 8. Bg5
h6 9. Bf4 e5 10. Bd2 Kh7 11. h3 Be6 12. Kh2 Rb8 13. Nh4 Nd4 14. Ne2 Qd7 15. f4
Nxe2 16. Qxe2 exf4 17. gxf4 Qe7 18. Qf2 Nh5 19. c3 g5 20. fxg5 Be5+ 21. Kg1
hxg5 22. Nf5 Qf6 23. Qf3 Ng7 24. Nxg7 Kxg7 25. Qh5 Bf4 26. h4 Qg6 27. Qxg6+
fxg6 28. Bxf4 gxf4 29. Rf2 Kh6 30. Raf1 g5 31. hxg5+ Kxg5 32. Bf3 Rg8 33. Rg2+
Kf6 34. Rxg8 Rxg8+ 35. Kf2 Ke5 36. Rh1 Bxa2 37. Ra1 Bb3 38. Rxa7 Bc2 39. d4+
cxd4 40. Ra5+ Ke6 41. cxd4 Bd3 42. Rf5 Rc8 43. Rxf4 Rc2+ 44. Ke3 Ba6 45. Bg4+
Ke7 46. Rf2 Rc1 47. Be2 Bxe2 48. Kxe2 Rh1 49. Kd3 Rd1+ 50. Rd2 Re1 51. Rc2 Kd7
52. Rh2 Rd1+ 53. Kc4 Kc6 54. d5+ Kb6 55. Rh6 Rc1+ 56. Kb4 Kc7 57. Rh3 Re1 58.
Rc3+ Kd8 59. Rc4 Re2 60. b3 Re3 61. Ka4 b5+ 62. Kxb5 Rxb3+ 63. Kc6 Ke7 64. Kc7
Re3 65. Rc6 Rxe4 66. Rxd6 Re5 67. Rd7+ Ke8 68. Kc8 Rh5 69. d6 Re5 70. Rc7 1-0

[Event "14. Lichtenberger Sommer"]
[Site "14. Lichtenberger Sommer"]
[Date "2015.08.22"]
[Round "8.64"]
[White "Schmalzried, Volker"]
[Black "Bandsom, Olaf"]
[Result "1/2-1/2"]
[WhiteElo "1881"]
[BlackElo "1802"]
[PlyCount "92"]
[EventDate "2015.??.??"]
[WhiteTeam "vereinslos"]
[BlackTeam "SC Friesen Lichtenberg"]

1. c4 Nf6 2. Nc3 g6 3. g3 Bg7 4. Bg2 O-O 5. Nf3 c6 6. O-O d5 7. cxd5 Nxd5 8. d4
Nd7 9. e4 Nxc3 10. bxc3 e5 11. Rb1 Qa5 12. Qb3 Qb6 13. Qc2 Qc7 14. a4 Nb6 15.
Nxe5 Bxe5 16. dxe5 Qxe5 17. c4 Qc5 18. Bh6 Re8 19. Rbc1 Qe5 20. Bf4 Qe7 21.
Rfe1 g5 22. Be3 Be6 23. Bf1 Nd7 24. f4 f6 25. Qb2 b6 26. Bg2 Nc5 27. Red1 Rad8
28. Bxc5 Qxc5+ 29. Kh1 Qe7 30. e5 fxe5 31. Qxe5 Rxd1+ 32. Rxd1 Bxc4 33. Qxe7
Rxe7 34. Bxc6 gxf4 35. gxf4 Be6 36. Kg2 Rc7 37. Bd5 Kf7 38. Bxe6+ Kxe6 39. Kg3
Kf5 40. Rd5+ Kf6 41. a5 Rc5 42. Rd6+ Kf5 43. axb6 axb6 44. Rxb6 Rc3+ 45. Kg2
Kxf4 46. Rb4+ Kg5 1/2-1/2

[Event "14. Lichtenberger Sommer"]
[Site "14. Lichtenberger Sommer"]
[Date "2015.08.22"]
[Round "8.65"]
[White "Zenkner, Christian"]
[Black "Albinus, Günter"]
[Result "0-1"]
[WhiteElo "1919"]
[BlackElo "1887"]
[PlyCount "92"]
[EventDate "2015.??.??"]
[WhiteTeam "SC Zugzwang 95 (Berlin)"]
[BlackTeam "SG Weißensee 49"]

1. d4 Nf6 2. Nc3 d5 3. e4 dxe4 4. f3 exf3 5. Nxf3 Bg4 6. h3 Bh5 7. g4 Bg6 8.
Ne5 c6 9. Bc4 e6 10. Bg5 Be7 11. Qd2 Nd5 12. Bxe7 Qxe7 13. O-O-O Nd7 14. Nxg6
hxg6 15. Ne4 O-O-O 16. Bxd5 cxd5 17. Qc3+ Kb8 18. Qg3+ Ka8 19. Qd6 Rhe8 20.
Qxe7 Rxe7 21. Nc3 Nf6 22. Rde1 b6 23. Kd2 Kb7 24. Kd3 Rh8 25. g5 Nh5 26. Nxd5
Rd7 27. Nc3 Nf4+ 28. Kc4 Rxh3 29. Rxh3 Nxh3 30. Re5 a6 31. d5 Nf4 32. dxe6 Nxe6
33. Ne4 Kc6 34. c3 b5+ 35. Kb4 Rd5 36. Rxd5 Kxd5 37. Ka5 Kxe4 38. Kxa6 Nxg5 39.
Kxb5 f5 40. a4 f4 41. a5 f3 42. a6 f2 43. a7 f1=Q+ 44. c4 Qf8 45. Kb6 Qa8 46.
b4 Ne6 0-1

[Event "14. Lichtenberger Sommer"]
[Site "14. Lichtenberger Sommer"]
[Date "2015.08.22"]
[Round "8.66"]
[White "Mueller, Jörg René"]
[Black "Rudolph, Stephanie"]
[Result "0-1"]
[WhiteElo "1489"]
[BlackElo "1910"]
[PlyCount "110"]
[EventDate "2015.??.??"]
[WhiteTeam "SC Zugzwang 95 (Berlin)"]
[BlackTeam "SF Friedrichshagen"]

1. e4 c5 2. Bc4 e6 3. Nf3 a6 4. a4 d5 5. exd5 exd5 6. Qe2+ Be6 7. Ba2 h6 8. d3
Nf6 9. O-O Bd6 10. Nc3 O-O 11. Ne5 Qc7 12. f4 Nc6 13. Nxc6 bxc6 14. Qf3 Bg4 15.
Qg3 Rfe8 16. Bd2 Re7 17. Rae1 Rae8 18. Rxe7 Rxe7 19. b3 Bf5 20. Qf3 d4 21. Nd1
Bg4 22. Qg3 Re2 23. Rf2 Rxd2 24. Rxd2 Bxf4 25. Qe1 Bxd2 26. Qxd2 Bxd1 27. Qxd1
Nd5 28. Qe1 Qe7 29. Qxe7 Nxe7 30. b4 cxb4 31. Kf2 Nf5 32. Kf3 Ne3 33. Bb3 c5
34. g3 Kf8 35. h3 f5 36. Kf4 Ke7 37. Ke5 a5 38. Kf4 Kf6 39. Kf3 Ke5 40. Kf2 g5
41. Kf3 g4+ 42. hxg4 fxg4+ 43. Kf2 Kf5 44. Kg1 Kg5 45. Kh1 h5 46. Kg1 h4 47.
gxh4+ Kh5 48. Kh2 Kxh4 49. Kg1 Kg3 50. Kh1 Kf2 51. Be6 g3 52. Bh3 Nxc2 53. Bf1
b3 54. Bh3 b2 55. Bf1 Ne3 0-1

[Event "14. Lichtenberger Sommer"]
[Site "14. Lichtenberger Sommer"]
[Date "2015.08.22"]
[Round "8.67"]
[White "Birkestrand, Odd"]
[Black "Dittrich, Hans-Georg"]
[Result "1/2-1/2"]
[WhiteElo "1789"]
[BlackElo "1722"]
[PlyCount "28"]
[EventDate "2015.??.??"]
[WhiteTeam "Masfjorden Sjakklubb"]
[BlackTeam "SG Stadtilm"]

1. e4 e5 2. Nf3 Nc6 3. Bc4 Bc5 4. c3 Nf6 5. O-O Nxe4 6. Bd5 Nf6 7. Bxc6 dxc6 8.
Nxe5 O-O 9. d4 Be7 10. Bf4 c5 11. Be3 Nd5 12. Nd2 cxd4 13. cxd4 c6 14. Nb3 Bd6
1/2-1/2

[Event "14. Lichtenberger Sommer"]
[Site "14. Lichtenberger Sommer"]
[Date "2015.08.22"]
[Round "8.68"]
[White "Wölfert, Jürgen"]
[Black "Getzuhn, Detlef"]
[Result "0-1"]
[WhiteElo "1776"]
[BlackElo "1889"]
[PlyCount "88"]
[EventDate "2015.??.??"]
[WhiteTeam "BSC Rehberge 1945 e.V."]
[BlackTeam "SV Senat (FV Schach)"]

1. c4 g6 2. Nf3 Bg7 3. g3 c5 4. Bg2 Nf6 5. Nc3 Nc6 6. O-O O-O 7. a3 d6 8. e3
Be6 9. d3 h6 10. Rb1 Ne8 11. Ne2 a5 12. b3 Qc8 13. Nf4 Bg4 14. h3 Bxf3 15. Bxf3
e5 16. Nd5 Qd8 17. Bg2 f5 18. f4 Nc7 19. Bb2 Nxd5 20. Bxd5+ Kh7 21. Rf2 Qd7 22.
Kh1 Ne7 23. Bg2 Nc6 24. Qd2 exf4 25. gxf4 Rfe8 26. Re2 Re7 27. Bxg7 Kxg7 28.
Qc3+ Kh7 29. Rbe1 Rae8 30. Kh2 b6 31. Bd5 Rf8 32. h4 Rg7 33. Rg2 Ne7 34. Bf3 d5
35. d4 dxc4 36. bxc4 Nc8 37. dxc5 bxc5 38. Reg1 Nd6 39. h5 g5 40. fxg5 hxg5 41.
Rxg5 Rxg5 42. Rxg5 Qe7 43. Rg2 Ne4 44. Kg1 Nxc3 0-1

[Event "14. Lichtenberger Sommer"]
[Site "14. Lichtenberger Sommer"]
[Date "2015.08.22"]
[Round "8.69"]
[White "Ouadi, Wahbi"]
[Black "Schmidt, Fabian"]
[Result "0-1"]
[WhiteElo "1962"]
[BlackElo "1766"]
[PlyCount "63"]
[EventDate "2015.??.??"]
[WhiteTeam "La Diagonale - Eybens"]
[BlackTeam "Königsjäger Süd-West"]

1. e4 c5 2. Ne2 e6 3. g3 d5 4. exd5 Qxd5 5. Rg1 Nc6 6. Bg2 Qd7 7. Nbc3 Nf6 8.
d3 Be7 9. Be3 a6 10. Qd2 b5 11. d4 c4 12. d5 exd5 13. Nxd5 Nxd5 14. Qxd5 Qxd5
15. Bxd5 Bb7 16. O-O-O O-O 17. Rge1 Bf6 18. Bb6 Rab8 19. Nf4 Ne7 20. Bxb7 Rxb7
21. Bc5 Rc8 22. Nh5 Ng6 23. Nxf6+ gxf6 24. Bd4 Rc6 25. Re8+ Kg7 26. Rde1 Rd6
27. c3 Rc6 28. R1e4 a5 29. f4 Nf8 30. f5 Nd7 31. Rg4+ Kh6 32. Be3+ 0-1

[Event "14. Lichtenberger Sommer"]
[Site "14. Lichtenberger Sommer"]
[Date "2015.08.22"]
[Round "8.70"]
[White "Kling, Maximilian"]
[Black "Brasoy, Aksel"]
[Result "0-1"]
[WhiteElo "1759"]
[BlackElo "1959"]
[PlyCount "118"]
[EventDate "2015.??.??"]
[WhiteTeam "SK Kriegshaber"]
[BlackTeam "Alta sjakklubb"]

1. e4 c5 2. Nf3 e6 3. c3 Nf6 4. d3 d6 5. Nbd2 Nc6 6. g3 Be7 7. Bg2 O-O 8. O-O
Bd7 9. d4 cxd4 10. cxd4 Qc7 11. a3 a5 12. Re1 Rab8 13. Nf1 Rfc8 14. h4 b5 15.
N1h2 e5 16. d5 Nd8 17. Nd2 b4 18. g4 h6 19. Qf3 Nh7 20. Qg3 Rb5 21. Nhf1 a4 22.
Ne3 b3 23. Ndf1 Nb7 24. Bd2 Qd8 25. g5 hxg5 26. hxg5 Bxg5 27. Bb4 Bf4 28. Qf3
Nc5 29. Bxc5 Rbxc5 30. Qh5 g6 31. Qe2 Qf6 32. Qa6 Ng5 33. Qa7 R5c7 34. Qa6 Kg7
35. Re2 Rc1 36. Re1 Rxa1 37. Rxa1 Qe7 38. Qd3 Qe8 39. Rd1 Bb5 40. Qb1 Qh8 41.
Rc1 Be2 42. Rxc8 Qxc8 43. Qe1 Nf3+ 44. Bxf3 Bxf3 45. Nd2 Bxe3 46. Qxe3 Qc1+ 47.
Nf1 Qxe3 48. Nxe3 Bxe4 49. Kf1 Bd3+ 50. Ke1 f5 51. Kd2 Bb5 52. Nd1 g5 53. Nc3
Bd7 54. Ke3 Kh6 55. Kf3 Kh5 56. Kg3 g4 57. Kg2 Kh4 58. Kh2 Kg5 59. Kg2 Kf4 0-1

[Event "14. Lichtenberger Sommer"]
[Site "14. Lichtenberger Sommer"]
[Date "2015.08.22"]
[Round "8.71"]
[White "Engelhardt, Erhard"]
[Black "Oginski, Ulrich"]
[Result "1/2-1/2"]
[WhiteElo "1805"]
[BlackElo "1885"]
[PlyCount "78"]
[EventDate "2015.??.??"]
[WhiteTeam "SSV Rotation Berlin"]
[BlackTeam "SC Weisse Dame (Berlin)"]

1. f4 d5 2. e3 Nf6 3. Nf3 Bg4 4. Be2 Nbd7 5. b3 c6 6. Bb2 Qc7 7. Ne5 Bxe2 8.
Qxe2 e6 9. O-O Bd6 10. Nxd7 Qxd7 11. d3 O-O 12. Nd2 Qe7 13. Nf3 Nd7 14. Be5 f6
15. Bxd6 Qxd6 16. c4 e5 17. fxe5 Nxe5 18. cxd5 Qxd5 19. Rfd1 Rfe8 20. Rac1
Nxf3+ 21. gxf3 Qg5+ 22. Kf2 Qh6 23. Rh1 Re5 24. f4 Qh4+ 25. Kf3 Qh3+ 26. Kf2
Rd5 27. d4 f5 28. Qf3 Qxf3+ 29. Kxf3 Re8 30. Rc2 Re6 31. Rg1 Rh6 32. Rcg2 Rh3+
33. Ke2 g6 34. Rc1 Kf7 35. b4 Rb5 36. a3 Ke6 37. Rc5 Rxc5 38. dxc5 Kd5 39. Kd3
Rh4 1/2-1/2

[Event "14. Lichtenberger Sommer"]
[Site "14. Lichtenberger Sommer"]
[Date "2015.08.22"]
[Round "8.74"]
[White "Khorolskyi, Borys"]
[Black "Zesewitz, Maik"]
[Result "1-0"]
[WhiteElo "1936"]
[BlackElo "1652"]
[PlyCount "68"]
[EventDate "2015.??.??"]
[WhiteTeam "vereinslos"]
[BlackTeam "SF Friedrichshagen"]

1. b3 e5 2. Bb2 d6 3. e3 Nc6 4. Nf3 Nf6 5. Be2 Bf5 6. d3 Be7 7. Nbd2 Qd7 8. e4
Bg4 9. c3 O-O-O 10. Nc4 Bxf3 11. Bxf3 g5 12. Ne3 h5 13. Qc2 g4 14. Be2 d5 15.
Nf5 dxe4 16. dxe4 Nxe4 17. Nxe7+ Nxe7 18. O-O Qc6 19. Rad1 f5 20. Bd3 Nd6 21.
c4 e4 22. Bxh8 exd3 23. Qb2 Ng6 24. Bf6 Nf4 25. f3 Re8 26. Be5 Ne2+ 27. Kh1
gxf3 28. Rxf3 Ne4 29. Rdxd3 Qc5 30. Qxe2 Rxe5 31. Qd1 Qe7 32. Kg1 Nd2 33. Qxd2
Re2 34. Rd8+ Qxd8 1-0

[Event "14. Lichtenberger Sommer"]
[Site "14. Lichtenberger Sommer"]
[Date "2015.08.22"]
[Round "8.75"]
[White "Woinowski, Michael"]
[Black "Kievelitz, Bernd"]
[Result "0-1"]
[WhiteElo "1748"]
[BlackElo "1922"]
[PlyCount "82"]
[EventDate "2015.??.??"]
[WhiteTeam "SC Kreuzberg"]
[BlackTeam "SC Zitadelle Spandau"]

1. e4 c5 2. Nc3 a6 3. f4 b5 4. d3 Bb7 5. g3 e6 6. Bg2 Qc7 7. Qe2 d6 8. Nf3 Be7
9. O-O Nc6 10. f5 e5 11. Nd5 Qd8 12. g4 Nd4 13. Nxd4 cxd4 14. c3 Bxd5 15. exd5
dxc3 16. bxc3 Nf6 17. g5 Nd7 18. Qh5 Qb6+ 19. Kh1 g6 20. fxg6 fxg6 21. Qg4
O-O-O 22. Rf7 Rde8 23. Bd2 Qb7 24. c4 Kb8 25. Bb4 Qc7 26. cxb5 axb5 27. a4 Nc5
28. axb5 Rhf8 29. Rff1 Nxd3 30. b6 Rxf1+ 31. Rxf1 Qxb6 32. Qd7 Rf8 33. Rxf8+
Bxf8 34. Qe8+ Ka7 35. Qxf8 Qxb4 36. Qf7+ Kb6 37. h4 Qe1+ 38. Kh2 Qxh4+ 39. Kg1
Qd4+ 40. Kh2 Qf4+ 41. Qxf4 Nxf4 0-1

[Event "14. Lichtenberger Sommer"]
[Site "14. Lichtenberger Sommer"]
[Date "2015.08.22"]
[Round "8.76"]
[White "Andersen, Jorgen Mosbech"]
[Black "Günther, Boris"]
[Result "1-0"]
[WhiteElo "2007"]
[BlackElo "1626"]
[PlyCount "89"]
[EventDate "2015.??.??"]
[WhiteTeam "Strömmen sjakklubb"]
[BlackTeam "SF Friedrichshagen"]

1. c4 g6 2. Nc3 Bg7 3. g3 c5 4. Bg2 Nc6 5. e4 b6 6. d3 Bb7 7. Nge2 Nf6 8. O-O
O-O 9. h3 Rc8 10. f4 e5 11. g4 d6 12. Be3 Rc7 13. Qd2 Nd4 14. Ng3 a6 15. f5 Nd7
16. g5 f6 17. h4 fxg5 18. hxg5 Rf7 19. Rf2 Kh8 20. Raf1 Bc6 21. Bh3 b5 22. Nd5
Rb7 23. f6 Bf8 24. Bxd4 cxd4 25. Be6 Nc5 26. Bxf7 Rxf7 27. b3 Ne6 28. Ne2 a5
29. Rf3 Bd7 30. R1f2 bxc4 31. bxc4 a4 32. Ng3 Be8 33. Nf5 gxf5 34. exf5 Nc5 35.
Rg2 Bc6 36. g6 Bxd5 37. g7+ Bxg7 38. fxg7+ Rxg7 39. Rxg7 Bxf3 40. Qh6 Qg8 41.
Rxg8+ Kxg8 42. Qxd6 Nxd3 43. f6 Bh5 44. Qe7 Bf7 45. Qd8+ 1-0